Formel E Fahrer 2017/18 - Statistiken

Allgemein
  • Dieses Quiz wurde 3 mal gespielt
  • Das Durchschnittsergebnis liegt bei 17 aus 25
Antwortstatistiken
Team Nation Anzahl der Rennen Fahrer % Korrekt
Andretti Portugal 12 Antonio Felix da Costa
100%
Audi Deutschland 12 Daniel Abt
100%
Mahindra Schweden 12 Felix Rosenqvist
100%
Techeetah Frankreich 12 Jean-Eric Vergne
100%
Audi Brasilien 12 Lucas di Grassi
100%
NIO China 2 Ma Quinghua
100%
Jaguar Brasilien 12 Nelson Piquet jr.
100%
Mahindra Deutschland 12 Nick Heidfeld
100%
DS Virgin Großbritannien 12 Sam Bird
100%
Renault Schweiz 12 Sebastien Buemi
100%
Techeetah Deutschland 12 Andre Lotterer
67%
Venturi Schweiz 9 Edoardo Mortara
67%
Dragon Argentinien 10 Jose Maria Lopez
67%
Venturi Deutschland 12 Maro Engel
67%
Jaguar Neuseeland 12 Mitch Evans
67%
Renault Frankreich 12 Nicholas Prost
67%
Andretti Großbritannien 6 Tom Blomqvist
67%
DS Virgin Großbritannien 12 Alex Lynn
33%
Dragon Belgien 12 Jerome D'Ambrosio
33%
Andretti Monaco 2 Kamui Kobayashi
33%
NIO Italien 11 Luca Filippi
33%
Dragon Schweiz 2 Neel Jani
33%
NIO Großbritannien 11 Oliver Turvey
33%
Andretti Frankreich 4 Stephane Sarrazin
33%
Venturi Frankreich 3 Tom Dillmann
33%
Keine übereinstimmenden Quizze gefunden
Verteilung der Resultate
Anzahl Personen mit jedem Resultat
Perzentil nach korrekt beantworteten Fragen
Ihre Resultats-Entwicklung
Sie haben dieses Quiz noch nicht gespielt